| 000 | 01097nam a22003137a 4500 | ||
|---|---|---|---|
| 001 | BR9402369 | ||
| 003 | BR-BrBNA | ||
| 005 | 20230928094002.0 | ||
| 007 | ta | ||
| 008 | 230509b bl.||||| |||| 00| 0 por d | ||
| 040 |
_aBR-BrBNA _bpor _cBiblioteca Nacional de Agricultura |
||
| 041 | _a(Por) | ||
| 072 |
_aH10 _b4020 |
||
| 090 | _ 4020 BR9402369 | ||
| 100 | 1 | _aGarcia, M.V.B. | |
| 110 | 1 |
_aUniversidade Federal do Amazonas, Manaus (Brasil) _0Tese (Mestre em Ciencias) _911022 |
|
| 110 | 1 |
_aInstituto Nacional de Pesquisas da Amazonia, Belem, PA (Brasil) _0Tese (Mestre em Ciencias) _96494 |
|
| 245 | 1 | _aBiologia de Trypoxylon (Trypargilum)rogenhoferi Kohl (Hymenoptera, Sphecidae)e atividade de nidificacao de Trypoxylon (Trypargilum)spp. na Amazonia central | |
| 260 | 3 |
_aManaus, AM (Brasil): _c1993. |
|
| 300 | _a105 p. | ||
| 500 | _a20 illus.; Summaries (Eng, Por); Bibliography p. 95-102 (107 ref.) | ||
| 650 | _aHimenoptero | ||
| 650 | _aVespa | ||
| 650 | _aBiologia Animal | ||
| 650 | _aNinho | ||
| 650 | _aAmazonia | ||
| 909 |
_a202309 _bLucia _c55 _dLucia Elande |
||
| 942 | _cBK | ||
| 999 |
_c48288 _d48288 |
||